| 000 | 00830nam a22001817a 4500 | ||
|---|---|---|---|
| 005 | 20240115153705.0 | ||
| 010 | _aHIN-126726 | ||
| 020 |
_a9789356840447 _c200.00 |
||
| 035 | _aHN-99072 | ||
| 082 | _a821 | ||
| 100 |
_aप्रवीण कुमार अंशुमान _960957 |
||
| 245 |
_aमै कवि -हृदय हु,कवि नहीं/ _cप्रवीण कुमार अंशुमान |
||
| 260 |
_aनई दिल्ली _bडायमंड पॉकेट बुक्स प्रा. लि _c2022 |
||
| 270 |
_aX-30 ओखला इंडस्ट्रियल एरिया फेज -II _bनई दिल्ली _e110020 |
||
| 300 |
_a149पृ. : _c22 सेमी(अजिल्द) |
||
| 942 |
_2ddc _cHN _h821 _mप्रवीण |
||
| 999 |
_c200142 _d200142 |
||